| 000 | 00327nam a2200121Ia 4500 | ||
|---|---|---|---|
| 008 | 220204s9999 xx 000 0 und d | ||
| 082 |
_a658.511.5 _bFAU |
||
| 100 | _aThomas A | ||
| 245 | 0 | _aManufacturing: Strategy for growth and change | |
| 260 |
_aBombay _bTaraporevala _c1977 |
||
| 650 | _aManufacturing strategy | ||
| 942 | _cBK | ||
| 999 |
_c30333 _d30333 |
||